000
00317nam a2200133Ia 4500
005
20251222144827.0
008
251222s9999||||xx |||||||||||||| ||spa||
020
_a
978-603-45178-2-0
082
_a
336.205/O73
100
_a
Ortega SalavarrÃa, Rosa
245
0
_a
Reforma Tributaria
264
_b
Tinco
942
_c
LIB
999
_c
20709
_d
20709